[Event "Lliga Catalana DH"]
[Site "?"]
[Date "2015.02.14"]
[Round "4.4"]
[White "Hernando Rodrigo, JA."]
[Black "Garriga Cazorla, P."]
[Result "0-1"]
[WhiteElo "2400"]
[BlackElo "2416"]
[PlyCount "126"]
[EventDate "2015.??.??"]
[EventType "team"]

1. d4 Nf6 2. c4 e6 3. Nc3 Bb4 4. e3 O-O 5. Nge2 d5 6. a3 Be7 7. Nf4 c6 8. Bd3
Nbd7 9. cxd5 exd5 10. O-O Re8 11. f3 Nf8 12. Be2 Ng6 13. e4 dxe4 14. fxe4 c5
15. e5 cxd4 16. exf6 dxc3 17. fxe7 Qb6+ 18. Kh1 cxb2 19. Bxb2 Qxb2 20. Bc4 Nxf4
21. Rxf4 b5 22. Rb1 Qxa3 23. Bxb5 Qxe7 24. Bxe8 Qxe8 25. Qd6 a5 26. h3 Be6 27.
Rf2 a4 28. Rfb2 Bb3 29. Rd2 h6 30. Qg3 Qe4 31. Re1 Qf5 32. Rde2 Be6 33. Re5 Qf6
34. R5e3 Qb2 35. R3e2 Qb4 36. Re4 Qc5 37. Re5 Qf8 38. Rf1 Qb8 39. Qe1 Qb6 40.
Qe3 Qa6 41. Ra1 a3 42. Qe2 Qd6 43. Rd1 Qc6 44. Qb5 Qc2 45. Qe2 Qc8 46. Qd2 Qc7
47. Re3 a2 48. Qd4 Qc2 49. Ra1 Rb8 50. Ree1 Rb2 51. Qe4 Qb3 52. Qa8+ Kh7 53.
Qe4+ g6 54. Qe3 Qxe3 55. Rxe3 Rb1+ 56. Re1 Bf5 57. Rg1 Rb2 58. Kh2 Be4 59. Kg3
f5 60. h4 g5 61. hxg5 hxg5 62. Kh2 Kg6 63. Rae1 Rb1 0-1

[Event "Lliga Catalana DH"]
[Site "?"]
[Date "2015.02.14"]
[Round "4.5"]
[White "Fernandez Diaz, C."]
[Black "Escandell Mari, JC."]
[Result "1-0"]
[WhiteElo "2336"]
[BlackElo "2386"]
[PlyCount "73"]
[EventDate "2015.??.??"]
[EventType "team"]

1. d4 Nf6 2. c4 e6 3. Nc3 Bb4 4. e3 b6 5. Nge2 c5 6. a3 Ba5 7. Rb1 Na6 8. d5
Bb7 9. Bd2 exd5 10. Nxd5 Bxd2+ 11. Qxd2 Nxd5 12. cxd5 d6 13. Nc3 Nc7 14. Be2
O-O 15. O-O a6 16. b4 b5 17. e4 f5 18. bxc5 dxc5 19. f3 Qd6 20. Kh1 Rad8 21.
Bd3 Bc8 22. Bc2 Bd7 23. Rfe1 Rde8 24. Rbd1 a5 25. exf5 Rxe1+ 26. Qxe1 b4 27.
Ne4 Qb6 28. d6 Ne8 29. Bb3+ Kh8 30. Be6 Ba4 31. Rd2 Nf6 32. Nxf6 Rxf6 33. d7
Rf8 34. axb4 axb4 35. Qa1 Bb5 36. f6 gxf6 37. d8=Q 1-0

[Event "Lliga Catalana DH"]
[Site "?"]
[Date "2015.02.14"]
[Round "4.6"]
[White "Bru Rullo, L."]
[Black "Amores Gago, J."]
[Result "1-0"]
[WhiteElo "2261"]
[BlackElo "2294"]
[PlyCount "41"]
[EventDate "2015.??.??"]
[EventType "team"]

1. e4 d5 2. exd5 Qxd5 3. Nc3 Qa5 4. d4 Nf6 5. Bc4 Nc6 6. Nge2 Bg4 7. f3 Bh5 8.
Be3 O-O-O 9. a3 Ne5 10. b4 Qb6 11. Bb3 Bxf3 12. gxf3 Nxf3+ 13. Kf2 Nxh2 14.
Rxh2 Ng4+ 15. Kg1 Nxe3 16. Qd3 Qg6+ 17. Qxg6 fxg6 18. Be6+ Kb8 19. Ne4 h5 20.
Ng5 Nxc2 21. Rf1 1-0

[Event "Lliga Catalana DH"]
[Site "?"]
[Date "2015.02.14"]
[Round "4.7"]
[White "Montilla Carrillo, E."]
[Black "Castellet Giralt, G."]
[Result "1-0"]
[WhiteElo "2295"]
[BlackElo "2286"]
[PlyCount "97"]
[EventDate "2015.??.??"]
[EventType "team"]

1. d4 g6 2. e4 c6 3. Nf3 d5 4. e5 Bg4 5. Nbd2 Bg7 6. h3 Bc8 7. Bd3 Nh6 8. c3
O-O 9. O-O Bf5 10. Be2 f6 11. exf6 exf6 12. Re1 Re8 13. Nf1 Nf7 14. Ng3 Be6 15.
Bd2 Nd7 16. Bd3 Nd6 17. b3 Nf8 18. Qc2 Qd7 19. c4 Kh8 20. c5 Nf7 21. b4 Qc7 22.
a4 Ng5 23. Nh2 Bd7 24. h4 Nge6 25. Ne2 f5 26. Nf3 Kg8 27. Rab1 a6 28. Qc1 Bf6
29. g3 Re7 30. b5 axb5 31. axb5 cxb5 32. Bf4 Nxf4 33. Nxf4 Rxe1+ 34. Qxe1 Re8
35. Qb4 Bc6 36. Bxb5 Re4 37. Bxc6 bxc6 38. Qb7 Re7 39. Qxc7 Rxc7 40. Rb8 Bg7
41. Ng5 Re7 42. Nge6 Bh6 43. Rc8 Kf7 44. Nxf8 Bxf8 45. Rxc6 Re1+ 46. Kg2 Rd1
47. Rc7+ Ke8 48. Rc8+ Kf7 49. c6 1-0

[Event "Lliga Catalana DH"]
[Site "?"]
[Date "2015.02.14"]
[Round "4.8"]
[White "Garcia Acosta, R."]
[Black "Morros Faura, R."]
[Result "0-1"]
[WhiteElo "2216"]
[BlackElo "2289"]
[PlyCount "108"]
[EventDate "2015.??.??"]
[EventType "team"]

1. e4 c5 2. Nf3 d6 3. d4 cxd4 4. Nxd4 Nf6 5. Nc3 g6 6. Bc4 Bg7 7. O-O O-O 8.
Bg5 h6 9. Bh4 Nc6 10. Nxc6 bxc6 11. Re1 Nd7 12. Qd2 Rb8 13. Nd1 Ne5 14. Bb3 Be6
15. Ne3 Bxb3 16. axb3 f5 17. exf5 gxf5 18. f4 Ng6 19. Qf2 Bxb2 20. Rxa7 Bd4 21.
Ra6 Qc8 22. Ra4 e5 23. Rxd4 exd4 24. Nc4 Qd7 25. Bg3 c5 26. Qf3 Rbe8 27. Qd5+
Kh7 28. Ra1 Qe6 29. Ra7+ Kh8 30. Qxd6 Qxd6 31. Nxd6 Re7 32. Ra6 Re2 33. Nc4 Kg7
34. Na3 Rc8 35. Kf1 Re4 36. Nc4 Re7 37. Nd6 Rf8 38. Rc6 Rf6 39. h3 Kh7 40. Rb6
Rd7 41. Nc4 Rxb6 42. Nxb6 Rb7 43. Nc4 Rd7 44. Ke2 Kg7 45. Ne5 Nxe5 46. fxe5 Kf7
47. h4 Ke6 48. Bf4 h5 49. Kd3 Kd5 50. g3 Re7 51. Kd2 Ke4 52. Ke2 Re6 53. Kd2
Ra6 54. Kc1 d3 0-1

[Event "Lliga Catalana DH"]
[Site "?"]
[Date "2015.02.14"]
[Round "4.9"]
[White "Bals Hernandez, J."]
[Black "Borges Ayas, J."]
[Result "1-0"]
[WhiteElo "2264"]
[BlackElo "2142"]
[PlyCount "62"]
[EventDate "2015.??.??"]
[EventType "team"]

1. d4 d5 2. c4 c6 3. e3 Bf5 4. Qb3 Qc7 5. cxd5 cxd5 6. Bb5+ Nd7 7. Nc3 e6 8.
Nf3 Ne7 9. Bxd7+ Qxd7 10. Ne5 Qc7 11. e4 Bxe4 12. Bf4 Nc6 13. f3 g5 14. Nxc6
gxf4 15. Ne5 Bf5 16. Qa4+ Ke7 17. Rc1 Qd8 18. Qb4+ Kf6 19. Qxb7 Bg6 20. Nb5 a6
21. Nc7 Rb8 22. Nd7+ Qxd7 23. Qxb8 Kg7 24. Ne8+ Qxe8 25. Qe5+ f6 26. Rc7+ Bf7
27. Qxf4 Bb4+ 28. Kf2 Qd8 29. Rhc1 Rf8 30. R1c6 Be7 31. Rxa6 Kh8 1-0

[Event "Lliga Catalana DH"]
[Site "?"]
[Date "2015.02.14"]
[Round "4.10"]
[White "Garcia Valero, M."]
[Black "Garcia Marin, G."]
[Result "1/2-1/2"]
[WhiteElo "2025"]
[BlackElo "2215"]
[PlyCount "59"]
[EventDate "2015.??.??"]
[EventType "team"]

1. e4 e5 2. Nf3 Nc6 3. d4 exd4 4. Nxd4 g6 5. Bc4 Bg7 6. Be3 Nf6 7. Nxc6 bxc6 8.
Nc3 O-O 9. O-O Re8 10. Qd3 Ng4 11. Bd4 Bxd4 12. Qxd4 Ne5 13. Bb3 Ba6 14. f4
Bxf1 15. Rxf1 c5 16. Qxc5 d6 17. Qd5 c6 18. Qd1 Nd7 19. Qxd6 Qb6+ 20. Kh1 Rad8
21. f5 Ne5 22. Qf6 Qc7 23. fxg6 hxg6 24. Qg5 Rd7 25. Rf4 Qd8 26. Qxd8 Rexd8 27.
Kg1 Rd2 28. h3 Kg7 29. Kf1 f6 30. Kg1 1/2-1/2

[Event "Lliga Catalana DH"]
[Site "?"]
[Date "2015.02.14"]
[Round "4.1"]
[White "Magem Badals, J."]
[Black "Spraggett, K."]
[Result "1/2-1/2"]
[WhiteElo "2590"]
[BlackElo "2556"]
[PlyCount "57"]
[EventDate "2015.??.??"]
[EventType "team"]

1. e4 d6 2. d4 Nf6 3. Nd2 e5 4. c3 g6 5. Ngf3 Nbd7 6. Bd3 Bg7 7. O-O O-O 8. Re1
b6 9. Nf1 Bb7 10. Bg5 h6 11. Bh4 Re8 12. Qc2 c6 13. Ne3 Qc7 14. dxe5 dxe5 15.
b4 c5 16. b5 Nf8 17. Bxf6 Bxf6 18. Bc4 Bg7 19. Nd5 Bxd5 20. Bxd5 Rad8 21. a4
Nh7 22. Qa2 Nf6 23. Bc4 Rd7 24. a5 Red8 25. axb6 axb6 26. g3 Kf8 27. Qc2 h5 28.
Ra4 Bh6 29. Rea1 1/2-1/2

[Event "Lliga Catalana DH"]
[Site "?"]
[Date "2015.02.14"]
[Round "4.3"]
[White "Alonso Rosell, A."]
[Black "Narciso Dublan, M."]
[Result "1/2-1/2"]
[WhiteElo "2578"]
[BlackElo "2570"]
[PlyCount "204"]
[EventDate "2015.??.??"]
[EventType "team"]

1. Nf3 Nf6 2. g3 d5 3. Bg2 c5 4. c4 e6 5. O-O Be7 6. d4 O-O 7. cxd5 exd5 8. Nc3
Nc6 9. dxc5 Bxc5 10. Bg5 d4 11. Bxf6 Qxf6 12. Nd5 Qf5 13. Nd2 Rd8 14. Nf4 Bd6
15. Nd3 Be6 16. Rc1 Qb5 17. a4 Qa6 18. Ne4 Qb6 19. Nec5 Bxc5 20. Rxc5 a6 21.
Qd2 Rd6 22. Rfc1 Rad8 23. Nf4 h6 24. a5 Qc7 25. b4 Qd7 26. b5 Nxa5 27. Rc7 Qxb5
28. R7c5 Nb3 29. Rxb5 Nxd2 30. Rxb7 Nb3 31. Rcc7 Na5 32. Ra7 Bc4 33. Rc5 g5 34.
Nd3 Bxd3 35. exd3 Nb3 36. Rcc7 Rf6 37. Bb7 Rdd6 38. Rc8+ Kg7 39. Raa8 Rfe6 40.
Kg2 a5 41. Bf3 Rb6 42. Rc7 Rb5 43. Bh5 Rf6 44. Rcc8 Rfb6 45. Rg8+ Kf6 46. Rh8
Nc1 47. Rxh6+ Kg7 48. Rxb6 Rxb6 49. Rxa5 Nxd3 50. Rxg5+ Kf6 51. Rd5 Rb4 52. Be2
Ke6 53. Ra5 Ne1+ 54. Kf1 Nc2 55. Bd3 Rb2 56. Bc4+ Ke7 57. h4 Nb4 58. h5 d3 59.
Rb5 Rb1+ 60. Kg2 d2 61. Be2 Kf8 62. h6 Kg8 63. Bd3 Nxd3 64. Rxb1 Nb2 65. Rxb2
d1=Q 66. Rb4 Qd5+ 67. Kg1 Kh7 68. Rh4 f5 69. Kf1 Qf3 70. Kg1 Qd3 71. Kg2 Qd5+
72. Kf1 Qb7 73. Kg1 Qb1+ 74. Kg2 Qd1 75. Kh2 Qf1 76. Rf4 Qb1 77. Rh4 Qb6 78.
Kg2 Qc6+ 79. Kg1 Qb7 80. Kf1 Qa6+ 81. Kg2 Qe2 82. Kg1 Qd1+ 83. Kg2 Qe1 84. Kf3
Qf1 85. Rf4 Qd3+ 86. Kg2 Kxh6 87. Rh4+ Kg5 88. Rf4 Qd5+ 89. Kg1 Qc6 90. Rh4 Qf3
91. Rf4 Qb7 92. Rh4 Kf6 93. Rf4 Ke5 94. Rh4 Qb1+ 95. Kg2 Qc1 96. Rf4 Qd1 97.
Rh4 Qd5+ 98. Kg1 Qd2 99. Kg2 Kf6 100. Rf4 Kg5 101. Rh4 Qc2 102. Rf4 Qd2 1/2-1/2

[Event "Lliga Catalana DH"]
[Site "?"]
[Date "2015.02.14"]
[Round "4.4"]
[White "Romero Holmes, A."]
[Black "Comas Fabrego, L."]
[Result "1/2-1/2"]
[WhiteElo "2540"]
[BlackElo "2580"]
[PlyCount "93"]
[EventDate "2015.??.??"]
[EventType "team"]

1. d4 d6 2. e4 g6 3. Nc3 Bg7 4. Bc4 Nf6 5. Nf3 O-O 6. O-O Bg4 7. h3 Bxf3 8.
Qxf3 Nc6 9. Be3 e5 10. d5 Ne7 11. h4 h5 12. Qh3 a6 13. f3 b5 14. Bb3 Rb8 15. a3
Kh7 16. Rad1 Bh6 17. Bf2 g5 18. hxg5 Bxg5 19. Ne2 Rg8 20. c3 Rg7 21. f4 exf4
22. Bd4 Ng6 23. Qf5 Kh6 24. Nxf4 Nxf4 25. Rxf4 Rg6 26. Rdf1 Qe7 27. Bc2 Rbg8
28. R4f3 Ng4 29. Rh3 Ne5 30. Bxe5 Qxe5 31. Bd1 h4 32. Qxe5 dxe5 33. Rxf7 R8g7
34. Rf5 Re7 35. a4 bxa4 36. Bxa4 Rf6 37. Rxf6+ Bxf6 38. Rd3 Rg7 39. d6 cxd6 40.
Rxd6 Kg5 41. Rxa6 h3 42. gxh3 Kf4+ 43. Kf1 Bh4 44. Bc2 Ke3 45. Rd6 Rf7+ 46. Kg1
Rf2 47. Rd3+ 1/2-1/2

[Event "Lliga Catalana DH"]
[Site "?"]
[Date "2015.02.14"]
[Round "4.5"]
[White "Perpinya Rofes, LM."]
[Black "Gual Pascual, A."]
[Result "1/2-1/2"]
[WhiteElo "2443"]
[BlackElo "2511"]
[PlyCount "104"]
[EventDate "2015.??.??"]
[EventType "team"]

1. e4 g6 2. d4 Bg7 3. Nc3 d6 4. f4 a6 5. Nf3 b5 6. Bd3 Nd7 7. e5 c5 8. Be4 Rb8
9. O-O Nh6 10. exd6 O-O 11. f5 exd6 12. dxc5 Nxc5 13. Bg5 Qb6 14. Nd5 Qa7 15.
f6 Nxe4+ 16. Be3 Qxe3+ 17. Nxe3 Nxf6 18. Qxd6 Bb7 19. c3 Rfd8 20. Qc7 Rdc8 21.
Qf4 Nh5 22. Qh4 Re8 23. Qf2 f5 24. Rfe1 Nf6 25. Ng5 Ne4 26. Nxe4 Bxe4 27. Rad1
Nf7 28. Nd5 Ne5 29. Qh4 Kf7 30. Nc7 Re7 31. Nxa6 Rc8 32. Nb4 Rc4 33. Qxh7 Ng4
34. Nd5 Re8 35. Nf4 Ne5 36. Qh4 Rh8 37. Qg3 Bf6 38. Nxg6 Nxg6 39. Rd7+ Ne7 40.
Qd6 b4 41. Rc7 Rxc7 42. Qxc7 bxc3 43. Qc4+ Bd5 44. Rxe7+ Kxe7 45. Qxd5 cxb2 46.
Qb7+ Kf8 47. g3 Rg8 48. Qc8+ Kg7 49. Qxf5 Rb8 50. Qd7+ Kh8 51. Qh3+ Kg7 52.
Qd7+ Kh8 1/2-1/2

[Event "Lliga Catalana DH"]
[Site "?"]
[Date "2015.02.14"]
[Round "4.6"]
[White "Bofill Mas, A."]
[Black "Rojas Keim, LA."]
[Result "1-0"]
[WhiteElo "2437"]
[BlackElo "2468"]
[PlyCount "51"]
[EventDate "2015.??.??"]
[EventType "team"]

1. c4 b6 2. d4 e6 3. a3 Bb7 4. Nc3 f5 5. d5 Nf6 6. g3 Bd6 7. Nf3 O-O 8. Bg2 a5
9. O-O Na6 10. Nb5 Be7 11. dxe6 dxe6 12. Qxd8 Rfxd8 13. Bf4 Ne8 14. Nfd4 Bxg2
15. Kxg2 g5 16. Be3 Kf7 17. Nc6 Bf6 18. Nxd8+ Rxd8 19. Rad1 c6 20. Rxd8 Bxd8
21. Rd1 Bf6 22. Rd7+ Kg6 23. Nc3 b5 24. Ra7 Nac7 25. Bb6 b4 26. Na4 1-0

[Event "Lliga Catalana DH"]
[Site "?"]
[Date "2015.02.14"]
[Round "4.7"]
[White "Lorenzo de la Riva, L."]
[Black "Aranaz Murillo, A."]
[Result "1-0"]
[WhiteElo "2428"]
[BlackElo "2344"]
[PlyCount "81"]
[EventDate "2015.??.??"]
[EventType "team"]

1. Nf3 Nf6 2. c4 b6 3. d4 Bb7 4. e3 e6 5. Bd3 d5 6. O-O Be7 7. b3 O-O 8. Bb2
Nbd7 9. Nbd2 c5 10. Qe2 Rc8 11. Rac1 cxd4 12. exd4 Nb8 13. Rfd1 Re8 14. Bb1 Bf8
15. Ne5 Re7 16. Ndf3 h6 17. c5 Ba6 18. Qe1 Rb7 19. Ba3 Qe8 20. Rc3 Bb5 21. Rdc1
Rbc7 22. Qe3 a5 23. Bb2 Nbd7 24. a4 Ba6 25. cxb6 Rxc3 26. Bxc3 Bb4 27. Bxb4
axb4 28. Rc7 Rxc7 29. bxc7 Qc8 30. Qc1 Ne8 31. Qc6 Nxe5 32. Nxe5 Nxc7 33. Bd3
Bxd3 34. Nxd3 Qb8 35. g3 Ne8 36. a5 Nc7 37. a6 Qa7 38. Nc5 Qb8 39. Qb7 Qd8 40.
a7 Na8 41. Qb8 1-0

[Event "Lliga Catalana DH"]
[Site "?"]
[Date "2015.02.14"]
[Round "4.8"]
[White "Ramirez Garcia, JA."]
[Black "Rahal, M."]
[Result "1/2-1/2"]
[WhiteElo "2344"]
[BlackElo "2437"]
[PlyCount "137"]
[EventDate "2015.??.??"]
[EventType "team"]

1. e4 e6 2. d4 d5 3. Nc3 Bb4 4. exd5 exd5 5. Bd3 Nc6 6. Nge2 Bg4 7. f3 Be6 8.
Bf4 Nge7 9. O-O a6 10. Qe1 O-O 11. Qh4 Bf5 12. Bxf5 Nxf5 13. Qxd8 Raxd8 14.
Bxc7 Rd7 15. Bb6 Ne3 16. Rfc1 Nc4 17. Na4 Re8 18. Ng3 Bd2 19. Rd1 Nb4 20. Nf1
Be3+ 21. Nxe3 Nxe3 22. Rd2 Nbxc2 23. Rc1 Nb4 24. Re2 f5 25. Nc5 Rde7 26. a3 Nc6
27. Nxb7 Rxb7 28. Rxc6 f4 29. Bc5 Rb3 30. Bd6 Rd3 31. Rc1 Rxd4 32. Rce1 g5 33.
g3 Re6 34. Bb8 Rg6 35. Ba7 Rc4 36. Bxe3 fxe3 37. Rxe3 Rc2 38. Re8+ Kg7 39.
R1e7+ Kf6 40. Rd7 Rxb2 41. Rxd5 Kf7 42. Red8 Rc6 43. Rd2 Rxd2 44. Rxd2 Rc3 45.
Rd7+ Kg8 46. Rd5 h6 47. Ra5 Rxf3 48. Rxa6 Kg7 49. Kg2 g4 50. h3 h5 51. Ra4 Kh7
52. Ra7+ Kh6 53. Ra6+ Kh7 54. Ra5 Kh6 55. Ra6+ Kh7 56. Ra4 Rb3 57. hxg4 hxg4
58. Rxg4 Rxa3 59. Kh3 Ra6 60. Rg5 Kh6 61. Rg8 Kh7 62. Rg4 Kh6 63. Kh4 Ra5 64.
Rb4 Ra6 65. Rb5 Ra4+ 66. g4 Ra6 67. Rc5 Rb6 68. Ra5 Kg6 69. Rc5 1/2-1/2

[Event "Lliga Catalana DH"]
[Site "?"]
[Date "2015.02.14"]
[Round "4.9"]
[White "Colon Garcia, E."]
[Black "Avila Jimenez, X."]
[Result "1-0"]
[WhiteElo "2398"]
[BlackElo "2308"]
[PlyCount "75"]
[EventDate "2015.??.??"]
[EventType "team"]

1. e4 c6 2. Nc3 d5 3. Nf3 Bg4 4. Be2 e6 5. d4 Nf6 6. e5 Nfd7 7. Ng5 Bxe2 8.
Qxe2 Be7 9. Qh5 g6 10. Qh6 Bf8 11. Qh3 Be7 12. Qg4 h6 13. Nxe6 fxe6 14. Qxg6+
Kf8 15. h4 Bf6 16. Bxh6+ Rxh6 17. Qxh6+ Bg7 18. Qxe6 Qe7 19. Qg4 Na6 20. O-O-O
Nc7 21. f4 Bh6 22. Kb1 Qg7 23. Qh3 Kg8 24. Rhf1 Rf8 25. Ne2 Nb6 26. g4 Qh7 27.
f5 Bg5 28. Rh1 Bd8 29. Nf4 Nc4 30. b3 Na3+ 31. Kb2 Qe7 32. Ng6 Qb4 33. c3 Qa5
34. Nxf8 Ncb5 35. Rc1 Nxd4 36. Ne6 Ndc2 37. Rxc2 Nxc2 38. Nxd8 1-0

[Event "Lliga Catalana DH"]
[Site "?"]
[Date "2015.02.14"]
[Round "4.10"]
[White "Lopez Agustench, E."]
[Black "Diaz Camallonga, C."]
[Result "0-1"]
[WhiteElo "2328"]
[BlackElo "2411"]
[PlyCount "144"]
[EventDate "2015.??.??"]
[EventType "team"]

1. d4 e6 2. c4 Nf6 3. Nf3 Bb4+ 4. Bd2 Qe7 5. g3 O-O 6. Bg2 Bxd2+ 7. Qxd2 d6 8.
Nc3 e5 9. O-O Re8 10. e4 Bg4 11. d5 a5 12. Ne1 Na6 13. Nd3 Nd7 14. f3 Bh5 15.
Nd1 Nac5 16. Ne3 Nxd3 17. Qxd3 Nc5 18. Qc2 Qd7 19. b3 Bg6 20. Rf2 h6 21. Bf1 c6
22. Rd1 Rad8 23. Rfd2 Qc7 24. Kh1 Qb6 25. Nf5 cxd5 26. Rxd5 Bxf5 27. exf5 e4
28. f4 e3 29. Re1 Ne4 30. Be2 Nf6 31. Rdd1 Qc5 32. Bf3 d5 33. Qe2 d4 34. Qd3 h5
35. Kg2 Ng4 36. Bxg4 hxg4 37. Re2 b6 38. Kg1 Qc6 39. Rf1 Qe4 40. Rd1 Qf3 41.
Rde1 Rd6 42. Rd1 Red8 43. Rde1 Qc6 44. Rd1 Qc5 45. Kg2 Kf8 46. Rde1 Ke7 47. f6+
Rxf6 48. Qh7 g6 49. Qh4 Rdd6 50. Qxg4 Rfe6 51. Qf3 f5 52. h4 Qc6 53. Qxc6 Rxc6
54. Rd1 Re4 55. Kf3 Rce6 56. Rd3 Kd6 57. Re1 Kc5 58. Ke2 Re7 59. Red1 a4 60.
Rc1 Ra7 61. Rc2 Ra5 62. a3 axb3 63. Rxb3 Re7 64. Kd3 Rea7 65. Rb5+ Rxb5 66.
cxb5+ Kd5 67. Ra2 Ra4 68. Ra1 Rc4 69. a4 Rc3+ 70. Ke2 Ke4 71. a5 d3+ 72. Kd1 d2
0-1

[Event "Lliga Catalana DH"]
[Site "?"]
[Date "2015.02.14"]
[Round "4.1"]
[White "Alsina Leal, D."]
[Black "Cuartas Medina, JA."]
[Result "0-1"]
[WhiteElo "2567"]
[BlackElo "2541"]
[PlyCount "146"]
[EventDate "2015.??.??"]
[EventType "team"]

1. d4 Nf6 2. c4 e6 3. Nc3 Bb4 4. e3 O-O 5. Bd3 c5 6. Nf3 d5 7. O-O cxd4 8. exd4
dxc4 9. Bxc4 b6 10. Bg5 Bb7 11. Rc1 Nbd7 12. Re1 Rc8 13. Qb3 Be7 14. Bxf6 Bxf6
15. Nb5 Bxf3 16. Qxf3 a6 17. Nd6 Rc7 18. Qe4 Bg5 19. Rc2 Nf6 20. Qe5 Nd5 21.
Ne4 Bf4 22. Qh5 Nb4 23. Rc3 Qxd4 24. Qe2 Nd5 25. Bxd5 exd5 26. Rxc7 Bxc7 27.
Nc3 Qc4 28. Qxc4 dxc4 29. Nd5 Bd8 30. Kf1 b5 31. b3 cxb3 32. axb3 a5 33. Rc1
Bf6 34. Rc5 Rb8 35. Ke2 Bd4 36. Rc6 h5 37. Ra6 a4 38. bxa4 bxa4 39. Rxa4 Rb2+
40. Kd3 Bxf2 41. Rb4 Ra2 42. Rb8+ Kh7 43. Rb7 Bg1 44. Rxf7 Rxg2 45. h4 Rg4 46.
Nf6+ Kg6 47. Nxg4 Kxf7 48. Ne5+ Kf6 49. Nf3 Bf2 50. Ke4 Bg3 51. Ke3 Kf5 52.
Nd4+ Ke5 53. Nf3+ Kd5 54. Kd3 Bf4 55. Ke2 Ke4 56. Kf2 Bd6 57. Kg2 Kf4 58. Ng5
Kg4 59. Nf3 g6 60. Kf2 Bf4 61. Ke2 Kg3 62. Nd4 Kxh4 63. Kf3 Bc1 64. Ne6 Kh3 65.
Kf2 Kh2 66. Nd4 g5 67. Nf3+ Kh1 68. Ne5 Bb2 69. Ng6 g4 70. Nf4 Bd4+ 71. Kf1 g3
72. Ng2 Bf6 73. Ne3 h4 0-1

[Event "Lliga Catalana DH"]
[Site "?"]
[Date "2015.02.14"]
[Round "4.3"]
[White "Pardo Simon, D."]
[Black "Exposito Amaro, J."]
[Result "1-0"]
[WhiteElo "2474"]
[BlackElo "2436"]
[PlyCount "77"]
[EventDate "2015.??.??"]
[EventType "team"]

1. d4 d5 2. c4 e6 3. Nc3 f5 4. Nf3 c6 5. Bf4 Nf6 6. e3 Be7 7. Be2 O-O 8. O-O
Nh5 9. Ne5 Nxf4 10. exf4 Nd7 11. Nxd7 Qxd7 12. Qd2 b6 13. Rfe1 Bb7 14. Rad1 Bd6
15. a3 a5 16. Na4 Qc7 17. g3 Rfe8 18. Rc1 Qd8 19. c5 bxc5 20. Nxc5 Qb6 21. Bh5
g6 22. Bd1 Bc8 23. Ba4 Bxc5 24. Rxc5 Bd7 25. Rec1 Rec8 26. R1c3 Ra7 27. h4 Kf7
28. Kg2 h5 29. Rb3 Qd8 30. Qc2 Ra6 31. Rb7 Rb6 32. Rxb6 Qxb6 33. Qc3 Qa6 34.
Rxa5 Qe2 35. Ra7 Ke8 36. Bc2 c5 37. dxc5 d4 38. Qxd4 Rd8 39. Rxd7 1-0

[Event "Lliga Catalana DH"]
[Site "?"]
[Date "2015.02.14"]
[Round "4.4"]
[White "Cervello Tost, F."]
[Black "Alexandrova, O."]
[Result "1-0"]
[WhiteElo "2318"]
[BlackElo "2438"]
[PlyCount "69"]
[EventDate "2015.??.??"]
[EventType "team"]

1. Nf3 Nf6 2. g3 b5 3. Bg2 Bb7 4. O-O e6 5. d4 c5 6. c3 Be7 7. dxc5 Bxc5 8. b4
Be7 9. a4 bxa4 10. Qxa4 O-O 11. Nbd2 Qc7 12. Bb2 d6 13. Nb3 Nbd7 14. Qa5 Nb6
15. Nbd4 Rfc8 16. Nb5 Qb8 17. Nxa7 Nc4 18. Nxc8 Nxa5 19. Nxe7+ Kf8 20. bxa5
Kxe7 21. Ba3 Ne4 22. Bb4 Qc7 23. Nd4 Ra6 24. Nb5 Qc4 25. Nxd6 Rxd6 26. Rad1 Kf6
27. Bxd6 Qxc3 28. a6 Ba8 29. Bxe4 Bxe4 30. a7 Ba8 31. Rc1 Qd2 32. Rc8 Be4 33.
Bf4 Qa5 34. Be3 Kf5 35. Rd1 1-0

[Event "Lliga Catalana DH"]
[Site "?"]
[Date "2015.02.14"]
[Round "4.5"]
[White "Aloma Vidal, R."]
[Black "Ayza Leon, D."]
[Result "1/2-1/2"]
[WhiteElo "2482"]
[BlackElo "2305"]
[PlyCount "58"]
[EventDate "2015.??.??"]
[EventType "team"]

1. d4 d5 2. c4 e5 3. dxe5 d4 4. Nf3 Nc6 5. a3 Nge7 6. b4 Ng6 7. Bb2 a5 8. b5
Ncxe5 9. Nxe5 Nxe5 10. e3 Be6 11. Bxd4 Nxc4 12. Qc2 Nd6 13. Bd3 Qg5 14. f4 Qh4+
15. g3 Qh5 16. Nc3 Nf5 17. Bxf5 Bxf5 18. e4 O-O-O 19. Be5 Qf3 20. Rf1 Qe3+ 21.
Ne2 Bc5 22. exf5 f6 23. Bc3 Rhe8 24. Bxa5 Rd3 25. Bb4 Bb6 26. Rb1 Qd4 27. Rd1
Rxe2+ 28. Qxe2 Rxd1+ 29. Qxd1 Qe3+ 1/2-1/2

[Event "Lliga Catalana DH"]
[Site "?"]
[Date "2015.02.14"]
[Round "4.6"]
[White "Capellades Subirana, M."]
[Black "Martin Gonzalez, A."]
[Result "1-0"]
[WhiteElo "2295"]
[BlackElo "2463"]
[PlyCount "85"]
[EventDate "2015.??.??"]
[EventType "team"]

1. e4 c5 2. Nf3 Nc6 3. d4 cxd4 4. Nxd4 g6 5. Nc3 Bg7 6. Be3 Nf6 7. Be2 O-O 8.
O-O d5 9. exd5 Nb4 10. d6 Qxd6 11. Ndb5 Qb8 12. Bc5 Nc6 13. Bf3 a6 14. Bxc6
bxc6 15. Nd4 Rd8 16. h3 e5 17. Nxc6 Rxd1 18. Raxd1 Qc7 19. Rd8+ Bf8 20. Bxf8
Qxc6 21. Bh6+ Ne8 22. Nd5 Kh8 23. Ne7 Qa4 24. b3 Bb7 25. Rxa8 Qd7 26. Rb8 Qxe7
27. Rd1 Bc6 28. Rdd8 f6 29. Bd2 Kg7 30. c4 g5 31. b4 Kg6 32. a4 Bxa4 33. b5 Nc7
34. b6 Ne6 35. Rg8+ Kh6 36. b7 Nf4 37. Rbf8 Qxb7 38. Rxf6+ Ng6 39. h4 Qb1+ 40.
Kh2 Qe4 41. Bxg5+ Kh5 42. f3 Qe2 43. Rfxg6 1-0

[Event "Lliga Catalana DH"]
[Site "?"]
[Date "2015.02.14"]
[Round "4.7"]
[White "Arias Boo, G."]
[Black "Garcia Ramos, D."]
[Result "1/2-1/2"]
[WhiteElo "2389"]
[BlackElo "2260"]
[PlyCount "80"]
[EventDate "2015.??.??"]
[EventType "team"]

1. d4 f5 2. e4 fxe4 3. Nc3 Nf6 4. Bg5 g6 5. f3 d5 6. fxe4 dxe4 7. Bc4 Nc6 8.
Bb5 Bd7 9. d5 Ne5 10. Qd4 Nf7 11. Bxf6 exf6 12. Bxd7+ Qxd7 13. Nxe4 Qe7 14.
Qa4+ Kd8 15. O-O-O f5 16. Nc3 Bg7 17. Nge2 Nd6 18. Kb1 Qd7 19. Qb3 Re8 20. Nf4
Kc8 21. Ne6 Bxc3 22. Qxc3 Ne4 23. Qd4 b6 24. c4 Qd6 25. g4 Nc5 26. gxf5 gxf5
27. Nxc5 bxc5 28. Qd3 Re4 29. Rhe1 Qe5 30. Rxe4 fxe4 31. Qh3+ Kb7 32. Qd7 Qd6
33. Qxh7 Re8 34. Qh5 Rf8 35. Re1 Rf2 36. Rxe4 Qf6 37. Qe5 Rf1+ 38. Kc2 Rf2+ 39.
Kb1 Rf1+ 40. Kc2 Rf2+ 1/2-1/2

[Event "Lliga Catalana DH"]
[Site "?"]
[Date "2015.02.14"]
[Round "4.8"]
[White "Ezquerro Luque, A."]
[Black "Ibañez Tarradellas, E."]
[Result "1/2-1/2"]
[WhiteElo "2257"]
[BlackElo "2364"]
[PlyCount "75"]
[EventDate "2015.??.??"]
[EventType "team"]

1. e4 c5 2. Nc3 a6 3. g3 b5 4. Bg2 Bb7 5. Nge2 e6 6. d3 Nc6 7. O-O d6 8. f4 Nf6
9. h3 b4 10. Nb1 d5 11. Nd2 dxe4 12. Nxe4 Be7 13. g4 Nxe4 14. dxe4 O-O 15. Be3
Qc7 16. Ng3 Rfd8 17. Qe1 Nd4 18. Qf2 Bh4 19. Kh2 Rac8 20. Rfd1 g5 21. Rf1 a5
22. c3 bxc3 23. bxc3 Nb5 24. Qc2 Bxg3+ 25. Kxg3 Ba6 26. Rfd1 Na3 27. Qf2 Nc4
28. e5 Rb8 29. Bxc5 gxf4+ 30. Qxf4 Rxd1 31. Qg5+ Kh8 32. Qf6+ Kg8 33. Qg5+ Kh8
34. Rxd1 Qxc5 35. Qf6+ Kg8 36. Qg5+ Kf8 37. Rd8+ Rxd8 38. Qxd8+ 1/2-1/2

[Event "Lliga Catalana DH"]
[Site "?"]
[Date "2015.02.14"]
[Round "4.9"]
[White "Luna Cortes, L."]
[Black "Gonzales Perez, JA."]
[Result "1-0"]
[WhiteElo "2309"]
[BlackElo "2200"]
[PlyCount "155"]
[EventDate "2015.??.??"]
[EventType "team"]

1. e4 e5 2. Nf3 Nc6 3. Bc4 Nf6 4. d3 Be7 5. c3 O-O 6. O-O d6 7. h3 a6 8. Bb3
Na5 9. Bc2 c5 10. Be3 Nc6 11. Nbd2 Qc7 12. Re1 h6 13. Nf1 Re8 14. Ng3 Bf8 15.
Nh4 Ne7 16. Qf3 Nh7 17. Bb3 Be6 18. Bxe6 fxe6 19. Qg4 Kf7 20. d4 Nf6 21. Qe2
Ng6 22. Nxg6 Kxg6 23. dxe5 dxe5 24. c4 Kh7 25. Nh5 Qf7 26. Nxf6+ Qxf6 27. Qc2
Kg8 28. Qb3 Qe7 29. Qb6 Rec8 30. Rad1 Rc6 31. Qa5 Qc7 32. Qc3 Be7 33. Rd2 Rd8
34. Red1 Rxd2 35. Rxd2 Kf7 36. b3 b6 37. Qa1 Bf6 38. Qd1 Ke7 39. Kh2 Rd6 40.
Rxd6 Qxd6 41. Qxd6+ Kxd6 42. Kg3 Kd7 43. Kg4 Ke8 44. Kh5 Kf7 45. b4 Be7 46.
bxc5 bxc5 47. Bd2 Bf8 48. Bc3 g6+ 49. Kg4 Bd6 50. Ba5 Ke8 51. Bd2 Bf8 52. h4
Kf7 53. Bc3 Bd6 54. g3 Kf6 55. h5 Kf7 56. hxg6+ Kxg6 57. Ba5 h5+ 58. Kf3 Kf7
59. Bd8 Ke8 60. Bg5 Kf7 61. Ke2 Kg6 62. Bd8 Kf7 63. Kd3 Ke8 64. Bh4 Bc7 65. f3
Kf7 66. g4 hxg4 67. fxg4 Bb6 68. Bf2 Kf6 69. Be3 Kg6 70. Kc3 Kf6 71. Kb3 Ke7
72. Ka4 Kf6 73. Bd2 Kg6 74. Ba5 Ba7 75. Bd8 Kf7 76. Ka5 Ke8 77. Bb6 Bb8 78.
Bxc5 1-0